[Event "Blitz 2018"]
[Site "Saint-Petersburg"]
[Date "2018.12.30"]
[Round "14"]
[Board "16"]
[White "Le Quang Liem (VIE)"]
[Black "Bosiocic Marin (CRO)"]
[Result "0-1"]
[LiveChessVersion "1.4.8"]
[BlackElo "2653"]
[WhiteElo "2749"]

1. c4 {[%clk 0:03:02]} e5 {[%clk 0:03:04]} 2. d3 {[%clk 0:03:03]} f5
{[%clk 0:03:01]} 3. g3 {[%clk 0:03:01]} Nf6 {[%clk 0:03:02]} 4. Bg2
{[%clk 0:03:02]} Bb4+ {[%clk 0:03:03]} 5. Bd2 {[%clk 0:03:01]} Bxd2+
{[%clk 0:03:03]} 6. Qxd2 {[%clk 0:03:00]} O-O {[%clk 0:03:02]} 7. Nc3
{[%clk 0:03:01]} d6 {[%clk 0:03:02]} 8. e3 {[%clk 0:02:59]} Kh8 {[%clk 0:03:03]}
9. Nge2 {[%clk 0:03:00]} c6 {[%clk 0:03:04]} 10. O-O {[%clk 0:02:52]} Be6
{[%clk 0:03:05]} 11. f4 {[%clk 0:02:48]} Nbd7 {[%clk 0:03:06]} 12. h3
{[%clk 0:02:43]} Qb6 {[%clk 0:03:05]} 13. Kh2 {[%clk 0:02:42]} Rae8
{[%clk 0:03:06]} 14. b3 {[%clk 0:02:39]} exf4 {[%clk 0:02:47]} 15. gxf4
{[%clk 0:02:33]} Nc5 {[%clk 0:02:20]} 16. e4 {[%clk 0:02:22]} fxe4
{[%clk 0:02:15]} 17. dxe4 {[%clk 0:02:23]} Bg8 {[%clk 0:02:15]} 18. Ng3
{[%clk 0:02:19]} Rd8 {[%clk 0:02:06]} 19. Rad1 {[%clk 0:02:18]} Rfe8
{[%clk 0:02:04]} 20. Rfe1 {[%clk 0:01:58]} Ne6 {[%clk 0:02:03]} 21. Nf5
{[%clk 0:01:50]} Qa5 {[%clk 0:01:46]} 22. Rf1 {[%clk 0:01:33]} g6
{[%clk 0:01:04]} 23. Ng3 {[%clk 0:01:25]} Qc7 {[%clk 0:01:02]} 24. f5
{[%clk 0:01:22]} gxf5 {[%clk 0:01:03]} 25. Rxf5 {[%clk 0:01:22]} Qg7
{[%clk 0:00:53]} 26. Rdf1 {[%clk 0:01:20]} Nd7 {[%clk 0:00:54]} 27. Nce2
{[%clk 0:00:57]} Ne5 {[%clk 0:00:51]} 28. Nh5 {[%clk 0:00:58]} Qg6
{[%clk 0:00:47]} 29. Neg3 {[%clk 0:00:53]} c5 {[%clk 0:00:44]} 30. Rf6
{[%clk 0:00:31]} Qg5 {[%clk 0:00:45]} 31. Qc3 {[%clk 0:00:23]} Qh4
{[%clk 0:00:36]} 32. Kg1 {[%clk 0:00:21]} Nd4 {[%clk 0:00:28]} 33. R1f4
{[%clk 0:00:21]} Ne2+ {[%clk 0:00:29]} 34. Nxe2 {[%clk 0:00:21]} Qxh5
{[%clk 0:00:30]} 35. Ng3 {[%clk 0:00:19]} Qg5 {[%clk 0:00:29]} 36. h4
{[%clk 0:00:15]} Qg7 {[%clk 0:00:28]} 37. Nh5 {[%clk 0:00:16]} Qe7
{[%clk 0:00:28]} 38. Qg3 {[%clk 0:00:14]} Rf8 {[%clk 0:00:24]} 39. Qg5
{[%clk 0:00:09]} Rxf6 {[%clk 0:00:24]} 40. Nxf6 {[%clk 0:00:09]} Qg7
{[%clk 0:00:24]} 41. Nh5 {[%clk 0:00:06]} Qxg5 {[%clk 0:00:23]} 42. hxg5
{[%clk 0:00:06]} Bf7 {[%clk 0:00:24]} 43. Ng3 {[%clk 0:00:06]} Bg6
{[%clk 0:00:24]} 44. Nf5 {[%clk 0:00:07]} a6 {[%clk 0:00:14]} 45. Bf1
{[%clk 0:00:07]} Nf7 {[%clk 0:00:12]} 46. Ne7 {[%clk 0:00:05]} Nxg5
{[%clk 0:00:10]} 47. Nxg6+ {[%clk 0:00:05]} hxg6 {[%clk 0:00:11]} 48. Kg2
{[%clk 0:00:04]} Kg7 {[%clk 0:00:11]} 49. Kg3 {[%clk 0:00:05]} Nf7
{[%clk 0:00:12]} 50. Rf2 {[%clk 0:00:05]} Ne5 {[%clk 0:00:14]} 51. Bh3
{[%clk 0:00:06]} Rf8 {[%clk 0:00:15]} 52. Rxf8 {[%clk 0:00:07]} Kxf8
{[%clk 0:00:16]} 53. Bc8 {[%clk 0:00:09]} a5 {[%clk 0:00:13]} 54. Bxb7
{[%clk 0:00:10]} Kg7 {[%clk 0:00:14]} 55. Bd5 {[%clk 0:00:09]} Kf6
{[%clk 0:00:16]} 56. Kf4 {[%clk 0:00:09]} Nd3+ {[%clk 0:00:17]} 57. Ke3
{[%clk 0:00:10]} Nb4 {[%clk 0:00:18]} 58. a3 {[%clk 0:00:10]} Na6
{[%clk 0:00:09]} 59. Bb7 {[%clk 0:00:10]} Nc7 {[%clk 0:00:11]} 60. Kd3
{[%clk 0:00:10]} Ke5 {[%clk 0:00:11]} 61. Kc3 {[%clk 0:00:11]} g5
{[%clk 0:00:12]} 62. Bc8 {[%clk 0:00:11]} Ne6 {[%clk 0:00:12]} 63. b4
{[%clk 0:00:12]} axb4+ {[%clk 0:00:13]} 64. axb4 {[%clk 0:00:13]} cxb4+
{[%clk 0:00:14]} 65. Kxb4 {[%clk 0:00:14]} g4 {[%clk 0:00:13]} 0-1

[Event "Blitz 2018"]
[Site "Saint-Petersburg"]
[Date "2018.12.30"]
[Round "14"]
[Board "17"]
[White "Savchenko Boris (RUS)"]
[Black "Sjugirov Sanan (RUS)"]
[Result "0-1"]
[LiveChessVersion "1.4.8"]
[BlackElo "2748"]
[WhiteElo "2639"]

1. e4 {[%clk 0:03:01]} g6 {[%clk 0:03:03]} 2. d4 {[%clk 0:03:00]} Bg7
{[%clk 0:03:05]} 3. Nc3 {[%clk 0:03:01]} a6 {[%clk 0:03:04]} 4. Be3
{[%clk 0:03:00]} d6 {[%clk 0:03:03]} 5. Qd2 {[%clk 0:03:00]} b5 {[%clk 0:03:02]}
6. f3 {[%clk 0:03:00]} Nd7 {[%clk 0:02:56]} 7. a4 {[%clk 0:02:59]} b4
{[%clk 0:02:55]} 8. Nd1 {[%clk 0:03:00]} a5 {[%clk 0:02:51]} 9. c3
{[%clk 0:03:00]} bxc3 {[%clk 0:02:48]} 10. bxc3 {[%clk 0:03:00]} Ngf6
{[%clk 0:02:41]} 11. Bb5 {[%clk 0:02:53]} O-O {[%clk 0:02:40]} 12. Ne2
{[%clk 0:02:53]} Bb7 {[%clk 0:02:34]} 13. O-O {[%clk 0:02:53]} c6
{[%clk 0:02:33]} 14. Bd3 {[%clk 0:02:53]} e5 {[%clk 0:02:26]} 15. Nf2
{[%clk 0:02:20]} d5 {[%clk 0:02:25]} 16. Rab1 {[%clk 0:02:13]} Qc8
{[%clk 0:02:17]} 17. Rb2 {[%clk 0:01:59]} Ba6 {[%clk 0:02:05]} 18. Rfb1
{[%clk 0:01:56]} Re8 {[%clk 0:02:03]} 19. Bxa6 {[%clk 0:01:45]} Qxa6
{[%clk 0:02:04]} 20. Rb7 {[%clk 0:01:42]} Qc4 {[%clk 0:01:42]} 21. exd5
{[%clk 0:01:02]} cxd5 {[%clk 0:01:30]} 22. Nd3 {[%clk 0:00:46]} e4
{[%clk 0:01:11]} 23. fxe4 {[%clk 0:00:31]} Nxe4 {[%clk 0:01:10]} 24. Qc2
{[%clk 0:00:30]} Qc6 {[%clk 0:01:05]} 25. Bf4 {[%clk 0:00:28]} Rac8
{[%clk 0:00:55]} 26. h3 {[%clk 0:00:23]} Nd6 {[%clk 0:00:44]} 27. Ra7
{[%clk 0:00:18]} Nc4 {[%clk 0:00:35]} 28. Rbb7 {[%clk 0:00:08]} Ncb6
{[%clk 0:00:36]} 29. Qd1 {[%clk 0:00:06]} Ra8 {[%clk 0:00:30]} 30. Rc7
{[%clk 0:00:07]} Qe6 {[%clk 0:00:30]} 31. Rxa8 {[%clk 0:00:07]} Rxa8
{[%clk 0:00:31]} 32. Nc5 {[%clk 0:00:07]} Qe8 {[%clk 0:00:24]} 33. Nxd7
{[%clk 0:00:08]} Nxd7 {[%clk 0:00:25]} 34. Kh2 {[%clk 0:00:08]} Nb6
{[%clk 0:00:23]} 35. Rc5 {[%clk 0:00:09]} Nxa4 {[%clk 0:00:15]} 36. Rxd5
{[%clk 0:00:09]} Nb6 {[%clk 0:00:16]} 37. Rc5 {[%clk 0:00:09]} Bf8
{[%clk 0:00:17]} 38. Re5 {[%clk 0:00:09]} Qc6 {[%clk 0:00:17]} 39. d5
{[%clk 0:00:09]} Qd7 {[%clk 0:00:15]} 40. Qd3 {[%clk 0:00:05]} a4
{[%clk 0:00:15]} 41. Be3 {[%clk 0:00:05]} Bd6 {[%clk 0:00:16]} 42. Bxb6
{[%clk 0:00:05]} Bxe5+ {[%clk 0:00:17]} 43. Kg1 {[%clk 0:00:06]} a3
{[%clk 0:00:18]} 0-1

[Event "Blitz 2018"]
[Site "Saint-Petersburg"]
[Date "2018.12.30"]
[Round "14"]
[Board "18"]
[White "Mamedov Rauf (AZE)"]
[Black "Smirin Ilia (ISR)"]
[Result "0-1"]
[LiveChessVersion "1.4.8"]
[BlackElo "2582"]
[WhiteElo "2741"]

1. e4 {[%clk 0:03:03]} c5 {[%clk 0:03:04]} 2. Nf3 {[%clk 0:03:04]} e6
{[%clk 0:03:05]} 3. d4 {[%clk 0:03:05]} cxd4 {[%clk 0:03:06]} 4. Nxd4
{[%clk 0:03:07]} a6 {[%clk 0:03:07]} 5. Nc3 {[%clk 0:03:08]} Qc7 {[%clk 0:03:08]}
6. g3 {[%clk 0:03:09]} Bb4 {[%clk 0:03:08]} 7. Nde2 {[%clk 0:02:58]} Nf6
{[%clk 0:03:05]} 8. Bg2 {[%clk 0:02:59]} Nc6 {[%clk 0:03:04]} 9. O-O
{[%clk 0:02:58]} Be7 {[%clk 0:02:51]} 10. a4 {[%clk 0:02:47]} O-O
{[%clk 0:02:49]} 11. b3 {[%clk 0:02:24]} b6 {[%clk 0:02:37]} 12. Bb2
{[%clk 0:02:23]} Bb7 {[%clk 0:02:38]} 13. Nf4 {[%clk 0:02:19]} Rac8
{[%clk 0:02:32]} 14. Nce2 {[%clk 0:01:42]} Ne5 {[%clk 0:02:21]} 15. Nd3
{[%clk 0:01:18]} Ng6 {[%clk 0:01:57]} 16. Nc3 {[%clk 0:01:11]} Rfd8
{[%clk 0:01:50]} 17. Re1 {[%clk 0:01:05]} d5 {[%clk 0:01:49]} 18. exd5
{[%clk 0:00:55]} Nxd5 {[%clk 0:01:48]} 19. Nxd5 {[%clk 0:00:56]} Bxd5
{[%clk 0:01:49]} 20. Bxd5 {[%clk 0:00:57]} Rxd5 {[%clk 0:01:49]} 21. c4
{[%clk 0:00:58]} Rd7 {[%clk 0:01:45]} 22. Qf3 {[%clk 0:00:49]} Rcd8
{[%clk 0:01:47]} 23. Ne5 {[%clk 0:00:45]} Nxe5 {[%clk 0:01:45]} 24. Bxe5
{[%clk 0:00:46]} Bd6 {[%clk 0:01:42]} 25. Bc3 {[%clk 0:00:34]} Bf8
{[%clk 0:01:30]} 26. Rad1 {[%clk 0:00:27]} a5 {[%clk 0:01:27]} 27. Kg2
{[%clk 0:00:10]} h6 {[%clk 0:01:25]} 28. Be5 {[%clk 0:00:11]} Qc8
{[%clk 0:01:23]} 29. Bf4 {[%clk 0:00:11]} Bb4 {[%clk 0:01:21]} 30. Rf1
{[%clk 0:00:10]} Bc5 {[%clk 0:01:16]} 31. Be5 {[%clk 0:00:10]} f6
{[%clk 0:01:13]} 32. Bf4 {[%clk 0:00:11]} e5 {[%clk 0:01:14]} 33. Bc1
{[%clk 0:00:09]} Bd4 {[%clk 0:01:11]} 34. Qe4 {[%clk 0:00:08]} Re7
{[%clk 0:01:11]} 35. Qg6 {[%clk 0:00:07]} Qc6+ {[%clk 0:01:10]} 36. Kg1
{[%clk 0:00:05]} Qf3 {[%clk 0:01:10]} 37. Rd2 {[%clk 0:00:04]} Red7
{[%clk 0:01:09]} 38. Rc2 {[%clk 0:00:05]} Bc5 {[%clk 0:01:08]} 39. Bxh6
{[%clk 0:00:05]} Qd3 {[%clk 0:01:01]} 40. Qxd3 {[%clk 0:00:04]} Rxd3
{[%clk 0:01:02]} 41. Bc1 {[%clk 0:00:03]} Rxb3 42. Kg2 Rb4 {[%clk 0:01:03]} 43.
h4 {[%clk 0:00:05]} Rxa4 {[%clk 0:01:03]} 44. h5 {[%clk 0:00:07]} Rd4
{[%clk 0:01:04]} 45. h6 {[%clk 0:00:07]} Raxc4 {[%clk 0:01:04]} 46. Re2
{[%clk 0:00:08]} gxh6 {[%clk 0:01:03]} 47. Bxh6 {[%clk 0:00:09]} a4
{[%clk 0:01:02]} 48. f4 {[%clk 0:00:08]} e4 {[%clk 0:01:01]} 49. Kh3
{[%clk 0:00:09]} a3 50. f5 Ra4 {[%clk 0:01:01]} 51. Ra2 {[%clk 0:00:12]} Rd3
{[%clk 0:01:01]} 52. Rf4 {[%clk 0:00:13]} Kh7 {[%clk 0:00:59]} 53. Rh4
{[%clk 0:00:14]} Bd6 {[%clk 0:00:47]} 54. Bg5+ {[%clk 0:00:10]} Kg7
{[%clk 0:00:47]} 55. Bh6+ {[%clk 0:00:12]} Kf7 56. Rg4 Bf8 {[%clk 0:00:46]} 57.
Bc1 {[%clk 0:00:07]} b5 {[%clk 0:00:47]} 58. Rc2 {[%clk 0:00:08]} Rc4
{[%clk 0:00:35]} 59. Rxc4 {[%clk 0:00:08]} bxc4 {[%clk 0:00:36]} 60. Rxe4
{[%clk 0:00:09]} a2 61. Bb2 c3 {[%clk 0:00:36]} 62. Ba1 {[%clk 0:00:13]} c2 63.
Rc4 Rd1 {[%clk 0:00:37]} 64. Rc7+ {[%clk 0:00:12]} Kg8 {[%clk 0:00:38]} 65. Rxc2
{[%clk 0:00:12]} Rxa1 {[%clk 0:00:38]} 66. Kg4 {[%clk 0:00:13]} Bd6
{[%clk 0:00:38]} 67. Rd2 {[%clk 0:00:11]} Bxg3 {[%clk 0:00:34]} 68. Kh5
{[%clk 0:00:08]} Kf7 {[%clk 0:00:35]} 69. Rd7+ {[%clk 0:00:09]} Ke8
{[%clk 0:00:35]} 70. Ra7 {[%clk 0:00:10]} Be5 {[%clk 0:00:36]} 0-1

[Event "Blitz 2018"]
[Site "Saint-Petersburg"]
[Date "2018.12.30"]
[Round "14"]
[Board "19"]
[White "Kovalev Vladislav (BLR)"]
[Black "Zubov Alexander (UKR)"]
[Result "0-1"]
[LiveChessVersion "1.4.8"]
[BlackElo "2729"]
[WhiteElo "2553"]

1. e4 {[%clk 0:03:03]} Nc6 {[%clk 0:03:03]} 2. Nf3 {[%clk 0:03:00]} d6
{[%clk 0:03:04]} 3. d4 {[%clk 0:02:55]} Nf6 {[%clk 0:03:05]} 4. Nc3
{[%clk 0:02:55]} g6 {[%clk 0:03:06]} 5. Be3 {[%clk 0:02:46]} Bg7 {[%clk 0:02:50]}
6. Qd2 {[%clk 0:02:47]} O-O {[%clk 0:02:50]} 7. Bh6 {[%clk 0:01:53]} e5
{[%clk 0:02:22]} 8. d5 {[%clk 0:01:40]} Nd4 {[%clk 0:02:01]} 9. Bxg7
{[%clk 0:01:21]} Nxf3+ {[%clk 0:02:01]} 10. gxf3 {[%clk 0:01:22]} Kxg7
{[%clk 0:02:02]} 11. f4 {[%clk 0:01:21]} Nh5 {[%clk 0:01:47]} 12. fxe5
{[%clk 0:01:16]} dxe5 {[%clk 0:01:47]} 13. O-O-O {[%clk 0:01:09]} a6
{[%clk 0:01:32]} 14. Kb1 {[%clk 0:01:04]} Qd6 {[%clk 0:01:31]} 15. h4
{[%clk 0:00:59]} f5 {[%clk 0:01:19]} 16. Be2 {[%clk 0:00:41]} Nf4
{[%clk 0:01:19]} 17. h5 {[%clk 0:00:41]} Bd7 {[%clk 0:01:12]} 18. Rdg1
{[%clk 0:00:38]} b5 {[%clk 0:01:09]} 19. exf5 {[%clk 0:00:29]} Bxf5
{[%clk 0:01:09]} 20. Bf3 {[%clk 0:00:27]} Rad8 {[%clk 0:01:07]} 21. hxg6
{[%clk 0:00:20]} hxg6 {[%clk 0:01:07]} 22. Qe3 {[%clk 0:00:15]} Rh8
{[%clk 0:00:58]} 23. Rxh8 {[%clk 0:00:15]} Rxh8 {[%clk 0:00:58]} 24. a3
{[%clk 0:00:11]} Re8 {[%clk 0:00:45]} 25. Be4 {[%clk 0:00:11]} Rf8
{[%clk 0:00:42]} 26. f3 {[%clk 0:00:09]} Bxe4 {[%clk 0:00:28]} 27. Qxe4
{[%clk 0:00:08]} Qf6 {[%clk 0:00:23]} 28. Re1 {[%clk 0:00:06]} Re8
{[%clk 0:00:23]} 29. a4 {[%clk 0:00:06]} Qb6 {[%clk 0:00:20]} 30. axb5
{[%clk 0:00:03]} axb5 31. Qb4 Kf7 32. Rd1 Rd8 {[%clk 0:00:10]} 33. Qe4
{[%clk 0:00:03]} Re8 {[%clk 0:00:10]} 34. Qb4 {[%clk 0:00:05]} Rd8 35. Qb3 Kg7
{[%clk 0:00:11]} 36. Nxb5 {[%clk 0:00:06]} Rb8 {[%clk 0:00:13]} 37. c4
{[%clk 0:00:05]} Qc5 {[%clk 0:00:14]} 38. Qc3 {[%clk 0:00:06]} Re8
{[%clk 0:00:14]} 39. d6 {[%clk 0:00:05]} cxd6 40. Nxd6 Re7 {[%clk 0:00:16]} 41.
Ne4 {[%clk 0:00:08]} Qc6 {[%clk 0:00:17]} 42. Rd6 {[%clk 0:00:08]} Qb7
{[%clk 0:00:16]} 43. c5 {[%clk 0:00:07]} Qb5 {[%clk 0:00:18]} 44. Rd1
{[%clk 0:00:03]} Qa4 {[%clk 0:00:15]} 45. Rd2 {[%clk 0:00:03]} Qb5
{[%clk 0:00:14]} 46. c6 {[%clk 0:00:04]} Rc7 {[%clk 0:00:15]} 47. Rd7+
{[%clk 0:00:04]} Rxd7 48. cxd7 Ne6 {[%clk 0:00:15]} 49. Qd2 {[%clk 0:00:04]} Qf1+
{[%clk 0:00:13]} 50. Kc2 {[%clk 0:00:04]} Qxf3 {[%clk 0:00:14]} 51. Nc3
{[%clk 0:00:00]} Qf5+ {[%clk 0:00:14]} 52. Qd3 {[%clk 0:00:00]} Nd4+
{[%clk 0:00:14]} 53. Kd2 {[%clk 0:00:00]} Qxd7 {[%clk 0:00:14]} 0-1

[Event "Blitz 2018"]
[Site "Saint-Petersburg"]
[Date "2018.12.30"]
[Round "14"]
[Board "20"]
[White "Nozdrachev Vladislav (RUS)"]
[Black "Kovalenko Igor (LAT)"]
[Result "0-1"]
[LiveChessVersion "1.4.8"]
[BlackElo "2693"]
[WhiteElo "2521"]

1. d4 {[%clk 0:03:02]} Nf6 {[%clk 0:03:03]} 2. Nf3 {[%clk 0:03:02]} c6
{[%clk 0:03:05]} 3. g3 {[%clk 0:03:02]} d5 {[%clk 0:03:05]} 4. Bg2
{[%clk 0:03:03]} Bg4 {[%clk 0:02:58]} 5. O-O {[%clk 0:03:00]} Nbd7
{[%clk 0:02:58]} 6. b3 {[%clk 0:02:58]} e6 {[%clk 0:02:59]} 7. Bb2
{[%clk 0:02:56]} Be7 {[%clk 0:03:00]} 8. Nbd2 {[%clk 0:02:55]} O-O
{[%clk 0:03:00]} 9. c4 {[%clk 0:02:56]} a5 {[%clk 0:02:56]} 10. a3
{[%clk 0:02:56]} Qb6 {[%clk 0:02:55]} 11. h3 {[%clk 0:02:52]} Bh5
{[%clk 0:02:52]} 12. Qc2 {[%clk 0:02:49]} Bg6 {[%clk 0:02:40]} 13. Qc3
{[%clk 0:02:45]} Ne4 {[%clk 0:02:39]} 14. Nxe4 {[%clk 0:02:42]} Bxe4
{[%clk 0:02:40]} 15. Rac1 {[%clk 0:02:29]} Qd8 {[%clk 0:02:34]} 16. h4
{[%clk 0:02:28]} Bd6 {[%clk 0:02:33]} 17. Bh3 {[%clk 0:02:26]} Qe7
{[%clk 0:02:17]} 18. c5 {[%clk 0:02:21]} Bc7 {[%clk 0:02:17]} 19. Rce1
{[%clk 0:02:22]} Bg6 {[%clk 0:01:57]} 20. Nd2 {[%clk 0:02:17]} f5
{[%clk 0:01:57]} 21. f4 {[%clk 0:02:00]} Bh5 {[%clk 0:01:58]} 22. Nf3
{[%clk 0:01:56]} Nf6 {[%clk 0:01:59]} 23. Ne5 {[%clk 0:01:51]} h6
{[%clk 0:01:58]} 24. Bg2 {[%clk 0:01:50]} Kh7 {[%clk 0:01:50]} 25. Bf3
{[%clk 0:01:51]} Rg8 {[%clk 0:01:45]} 26. Qe3 {[%clk 0:01:40]} g6
{[%clk 0:01:42]} 27. Rc1 {[%clk 0:01:40]} Rg7 {[%clk 0:01:41]} 28. Kf2
{[%clk 0:01:34]} Ne4+ {[%clk 0:01:20]} 29. Bxe4 {[%clk 0:01:31]} fxe4
{[%clk 0:01:21]} 30. Ke1 {[%clk 0:01:26]} Rf8 {[%clk 0:01:22]} 31. Kd2
{[%clk 0:01:24]} Bxe5 {[%clk 0:01:20]} 32. dxe5 {[%clk 0:01:13]} Qf7
{[%clk 0:01:14]} 33. Bd4 {[%clk 0:01:13]} Qf5 {[%clk 0:01:15]} 34. a4
{[%clk 0:01:12]} Qg4 {[%clk 0:01:15]} 35. Rf2 {[%clk 0:00:58]} Rgf7
{[%clk 0:01:17]} 36. Rh1 {[%clk 0:00:53]} Kg7 {[%clk 0:01:18]} 37. Bc3
{[%clk 0:00:53]} Ra8 {[%clk 0:01:12]} 38. Kc2 {[%clk 0:00:52]} Rd7
{[%clk 0:01:10]} 39. Rg1 {[%clk 0:00:40]} Qf5 {[%clk 0:01:06]} 40. Bd4
{[%clk 0:00:35]} Bg4 {[%clk 0:01:06]} 41. Kb2 {[%clk 0:00:36]} Rf7
{[%clk 0:01:06]} 42. Rh2 {[%clk 0:00:36]} Qh5 {[%clk 0:01:01]} 43. Bc3
{[%clk 0:00:35]} Ra6 {[%clk 0:00:52]} 44. Bd4 {[%clk 0:00:35]} Ra8
{[%clk 0:00:53]} 45. Bc3 {[%clk 0:00:37]} Ra7 {[%clk 0:00:52]} 46. Bd4
{[%clk 0:00:37]} Ra6 {[%clk 0:00:53]} 47. Bc3 {[%clk 0:00:37]} Qf5
{[%clk 0:00:46]} 48. Qd2 {[%clk 0:00:38]} b6 49. cxb6 {[%clk 0:00:38]} Rxb6
{[%clk 0:00:36]} 50. Bxa5 {[%clk 0:00:39]} Ra6 {[%clk 0:00:33]} 51. Bd8
{[%clk 0:00:39]} Rb7 {[%clk 0:00:34]} 52. Bf6+ {[%clk 0:00:38]} Kf7
{[%clk 0:00:35]} 53. Qd4 {[%clk 0:00:34]} e3 {[%clk 0:00:35]} 54. Rc1
{[%clk 0:00:31]} Bh5 {[%clk 0:00:29]} 55. Rc3 {[%clk 0:00:30]} Qg4
{[%clk 0:00:25]} 56. Qc5 {[%clk 0:00:30]} Qxg3 {[%clk 0:00:24]} 57. Rh1
{[%clk 0:00:29]} Qxf4 {[%clk 0:00:24]} 58. Qxe3 {[%clk 0:00:17]} Qxa4
{[%clk 0:00:24]} 59. Qxh6 {[%clk 0:00:15]} Qa2+ {[%clk 0:00:23]} 60. Kc1
{[%clk 0:00:17]} Qa1+ {[%clk 0:00:23]} 61. Kd2 {[%clk 0:00:17]} Ra2+
{[%clk 0:00:25]} 62. Kd3 {[%clk 0:00:11]} Bxe2+ {[%clk 0:00:25]} 63. Kd4
{[%clk 0:00:12]} c5+ {[%clk 0:00:23]} 64. Kxc5 {[%clk 0:00:10]} Qxc3+
{[%clk 0:00:24]} 65. Kd4 0-1

[Event "Blitz 2018"]
[Site "Saint-Petersburg"]
[Date "2018.12.30"]
[Round "14"]
[Board "21"]
[White "Predke Alexandr (RUS)"]
[Black "Zhigalko Sergei (BLR)"]
[Result "1-0"]
[LiveChessVersion "1.4.8"]
[BlackElo "2693"]
[WhiteElo "2482"]

1. e4 {[%clk 0:03:02]} c5 {[%clk 0:03:03]} 2. Nc3 {[%clk 0:03:03]} Nc6
{[%clk 0:03:04]} 3. Nge2 {[%clk 0:03:04]} Nf6 {[%clk 0:03:03]} 4. g3
{[%clk 0:03:03]} e5 {[%clk 0:03:02]} 5. Bg2 {[%clk 0:03:03]} d6 {[%clk 0:03:03]}
6. d3 {[%clk 0:03:04]} Be7 {[%clk 0:03:03]} 7. O-O {[%clk 0:03:04]} O-O
{[%clk 0:03:03]} 8. f4 {[%clk 0:03:04]} Rb8 {[%clk 0:02:54]} 9. a4
{[%clk 0:03:04]} a6 {[%clk 0:02:55]} 10. fxe5 {[%clk 0:02:30]} dxe5
{[%clk 0:02:55]} 11. Nd5 {[%clk 0:02:31]} Nxd5 {[%clk 0:02:29]} 12. exd5
{[%clk 0:02:31]} Nb4 {[%clk 0:02:29]} 13. c4 {[%clk 0:02:24]} Bg4
{[%clk 0:02:25]} 14. Be3 {[%clk 0:01:53]} b6 {[%clk 0:01:04]} 15. Qd2
{[%clk 0:01:51]} a5 {[%clk 0:00:50]} 16. Nc3 {[%clk 0:01:52]} Qd7
{[%clk 0:00:51]} 17. Nb5 {[%clk 0:01:43]} Rbe8 {[%clk 0:00:47]} 18. Rae1
{[%clk 0:01:41]} f5 {[%clk 0:00:40]} 19. b3 {[%clk 0:01:10]} Bf6 {[%clk 0:00:41]}
20. d6 {[%clk 0:01:08]} Kh8 {[%clk 0:00:29]} 21. Nc7 {[%clk 0:00:37]} Rd8
{[%clk 0:00:27]} 22. Nb5 {[%clk 0:00:36]} Rde8 {[%clk 0:00:19]} 23. Nc7
{[%clk 0:00:37]} Rd8 {[%clk 0:00:20]} 24. Nb5 {[%clk 0:00:38]} Rde8 25. Nc7
{[%clk 0:00:38]} Rd8 {[%clk 0:00:12]} 26. Nb5 {[%clk 0:00:40]} Rde8
{[%clk 0:00:10]} 27. Nc7 {[%clk 0:00:40]} Rc8 {[%clk 0:00:07]} 28. Nb5
{[%clk 0:00:41]} Rcd8 {[%clk 0:00:08]} 29. h3 {[%clk 0:00:21]} Bh5
{[%clk 0:00:09]} 30. Kh2 {[%clk 0:00:22]} Bg6 {[%clk 0:00:08]} 31. Rd1
{[%clk 0:00:10]} h6 {[%clk 0:00:09]} 32. Qe2 {[%clk 0:00:10]} Bh7
{[%clk 0:00:08]} 33. Bd2 {[%clk 0:00:11]} Nc6 {[%clk 0:00:07]} 34. Bxc6
{[%clk 0:00:11]} Qxc6 {[%clk 0:00:08]} 35. Bc3 {[%clk 0:00:12]} Rfe8
{[%clk 0:00:08]} 36. Rde1 {[%clk 0:00:13]} Re6 {[%clk 0:00:09]} 37. Qf3
{[%clk 0:00:12]} Qd7 {[%clk 0:00:09]} 38. Qd5 {[%clk 0:00:10]} Rde8
{[%clk 0:00:08]} 39. Qg2 {[%clk 0:00:07]} Rd8 {[%clk 0:00:09]} 40. Qd5
{[%clk 0:00:08]} Rde8 {[%clk 0:00:08]} 41. Qg2 {[%clk 0:00:09]} Rd8
{[%clk 0:00:06]} 42. Rf2 {[%clk 0:00:10]} Rde8 {[%clk 0:00:04]} 43. Nc7
{[%clk 0:00:10]} Qxd6 {[%clk 0:00:05]} 44. Nxe8 {[%clk 0:00:11]} Rxe8
{[%clk 0:00:06]} 45. Rfe2 {[%clk 0:00:12]} e4 {[%clk 0:00:05]} 46. Bxf6
{[%clk 0:00:13]} Qxf6 {[%clk 0:00:06]} 47. dxe4 {[%clk 0:00:14]} fxe4
{[%clk 0:00:07]} 48. Qf2 {[%clk 0:00:14]} Qe5 {[%clk 0:00:07]} 49. Qe3
{[%clk 0:00:13]} Bg6 {[%clk 0:00:06]} 50. Rf2 {[%clk 0:00:13]} Rd8
{[%clk 0:00:06]} 51. Rd2 {[%clk 0:00:14]} Rf8 {[%clk 0:00:06]} 52. Rf2
{[%clk 0:00:15]} Rd8 {[%clk 0:00:08]} 53. Rd2 {[%clk 0:00:12]} Rf8
{[%clk 0:00:09]} 54. Rf2 {[%clk 0:00:08]} Rd8 {[%clk 0:00:11]} 55. Qf4
{[%clk 0:00:07]} Qc3 {[%clk 0:00:10]} 56. Re3 {[%clk 0:00:06]} Qa1
{[%clk 0:00:10]} 57. Rf1 {[%clk 0:00:04]} Rd2+ {[%clk 0:00:11]} 58. Kg1
{[%clk 0:00:05]} Qb2 {[%clk 0:00:11]} 59. Rf2 {[%clk 0:00:06]} Qc1+
{[%clk 0:00:11]} 60. Rf1 {[%clk 0:00:07]} Qc2 {[%clk 0:00:11]} 61. Rf2
{[%clk 0:00:08]} Qc1+ {[%clk 0:00:12]} 62. Rf1 {[%clk 0:00:09]} Qc2
{[%clk 0:00:11]} 63. Rf2 {[%clk 0:00:09]} Qc1+ {[%clk 0:00:11]} 64. Rf1
{[%clk 0:00:11]} Qb2 {[%clk 0:00:11]} 65. Rf2 {[%clk 0:00:11]} Qc1+
{[%clk 0:00:10]} 66. Rf1 {[%clk 0:00:12]} Qc2 {[%clk 0:00:10]} 67. g4
{[%clk 0:00:12]} Rg2+ {[%clk 0:00:08]} 68. Kh1 {[%clk 0:00:13]} Kh7
{[%clk 0:00:08]} 69. Qe5 {[%clk 0:00:08]} Qd2 {[%clk 0:00:07]} 70. Qf4
{[%clk 0:00:08]} Qc2 {[%clk 0:00:05]} 71. Qe5 {[%clk 0:00:09]} Rd2
{[%clk 0:00:05]} 72. Qf4 {[%clk 0:00:09]} Rg2 {[%clk 0:00:05]} 73. Qe5
{[%clk 0:00:08]} Rd2 {[%clk 0:00:05]} 74. Qf4 {[%clk 0:00:09]} Qb2
{[%clk 0:00:05]} 75. Rxe4 {[%clk 0:00:07]} Qxb3 {[%clk 0:00:04]} 76. Re7
{[%clk 0:00:04]} Qb2 {[%clk 0:00:04]} 77. Qe5 {[%clk 0:00:03]} Qxe5 78. Rxe5
{[%clk 0:00:04]} Bd3 {[%clk 0:00:03]} 79. Rc1 {[%clk 0:00:04]} Ra2
{[%clk 0:00:03]} 80. Re6 {[%clk 0:00:05]} Rxa4 81. Rxb6 {[%clk 0:00:05]} Bxc4
{[%clk 0:00:04]} 82. Kg1 {[%clk 0:00:06]} Kg8 {[%clk 0:00:03]} 83. Rc6
{[%clk 0:00:07]} Bb3 {[%clk 0:00:04]} 84. R6xc5 {[%clk 0:00:07]} Ra2
{[%clk 0:00:04]} 85. Rc7 {[%clk 0:00:08]} a4 {[%clk 0:00:05]} 86. Rb7
{[%clk 0:00:09]} Re2 {[%clk 0:00:04]} 87. Rcc7 {[%clk 0:00:09]} Kf8
{[%clk 0:00:03]} 88. Rxg7 {[%clk 0:00:10]} Be6 {[%clk 0:00:03]} 89. Rh7
{[%clk 0:00:09]} Bg8 {[%clk 0:00:03]} 90. Rb8+ {[%clk 0:00:10]} Re8
{[%clk 0:00:04]} 91. Rxe8+ {[%clk 0:00:10]} Kxe8 {[%clk 0:00:05]} 92. Rxh6
{[%clk 0:00:11]} a3 {[%clk 0:00:06]} 93. Ra6 {[%clk 0:00:13]} a2 {[%clk 0:00:07]}
94. Kf2 {[%clk 0:00:14]} Bc4 {[%clk 0:00:09]} 95. Ra3 {[%clk 0:00:14]} Kd7
{[%clk 0:00:10]} 96. Ke3 {[%clk 0:00:15]} Kc6 {[%clk 0:00:12]} 97. h4
{[%clk 0:00:14]} Kb5 {[%clk 0:00:13]} 98. Kd4 {[%clk 0:00:13]} Kb4
{[%clk 0:00:14]} 99. Rxa2 {[%clk 0:00:13]} Bxa2 {[%clk 0:00:15]} 100. h5
{[%clk 0:00:13]} Bf7 {[%clk 0:00:15]} 101. h6 {[%clk 0:00:14]} Bg6
{[%clk 0:00:14]} 102. g5 {[%clk 0:00:15]} Bc2 {[%clk 0:00:13]} 103. Ke5
{[%clk 0:00:16]} Kc5 {[%clk 0:00:14]} 104. Kf6 {[%clk 0:00:17]} Kd6
{[%clk 0:00:09]} 105. g6 {[%clk 0:00:18]} Bxg6 {[%clk 0:00:06]} 106. Kxg6
{[%clk 0:00:19]} Ke7 {[%clk 0:00:08]} 107. h7 {[%clk 0:00:20]} 1-0